US Cities with Light Rail Transit - Statistics

General Stats
  • This quiz has been taken 434 times
  • The average score is 27 of 37
Answer Stats
State Year Opened City % Correct
CA 1912 San Francisco
97%
TX 1996 Dallas
96%
CA 1990 Los Angeles
96%
LA 1835 New Orleans
96%
PA 1906 Philadelphia
96%
MA 1897 Boston
95%
TX 2004 Houston
95%
PA 1903 Pittsburgh
95%
CO 1994 Denver
94%
OH 1913 Cleveland
93%
WA 2009 Seattle
92%
AZ 2008 Phoenix
91%
OR 1986 Portland
91%
CA 1981 San Diego
91%
NJ 1935 Newark
90%
UT 1999 Salt Lake City
88%
MN 2004 Minneapolis
86%
CA 1987 San Jose
86%
MD 1992 Baltimore
85%
NY 1984 Buffalo
85%
CA 1987 Sacramento
83%
MO 1993 St. Louis
83%
NC 2007 Charlotte
80%
MN 2004 St. Paul
79%
NJ 2000 Jersey City
70%
WA 2003 Tacoma
66%
AZ 2008 Mesa
62%
CO 2017 Aurora
54%
CA 1990 Long Beach
50%
VA 2011 Norfolk
47%
AZ 2008 Tempe
45%
WA 2024 Bellevue
33%
TX 2002 Plano
33%
TX 1996 Irving
18%
TX 2002 Garland
16%
CO 2013 Lakewood
16%
CA 1984 Chula Vista
14%
No matching quizzes found
Score Distribution
Percent of People with Each Score
Percentile by Number Answered
Your Score History
You have not taken this quiz